Llamémosle experiencia / (Record no. 38553)

MARC details
000 -LEADER
campo de control de longitud fija 00535nam a2200181 i 4500
001 - NÚMERO DE CONTROL
campo de control 38553
003 - IDENTIFICADOR DE NÚMERO DE CONTROL
campo de control ES-MaACL
005 - FECHA Y HORA DE LA ÚLTIMA TRANSACCIÓN
campo de control 20250802101659.0
007 - CAMPO FIJO DE DESCRIPCIÓN FÍSICA--INFORMACIÓN GENERAL
campo de control de longitud fija t|
008 - DATOS DE LONGITUD FIJA--INFORMACIÓN GENERAL
campo de control de longitud fija 030225s1971 sp ||||1| spa d
100 1# - ENTRADA PRINCIPAL--NOMBRE DE PERSONA
Nombre de persona Caldwell, Erskine.
9 (RLIN) 33643
245 10 - MENCIÓN DEL TÍTULO
Título Llamémosle experiencia /
Mención de responsabilidad, etc. Erskine Caldwell ; [traducción, Andrés Bosch].
260 ## - PUBLICACIÓN, DISTRIBUCIÓN, ETC.
Lugar de publicación, distribución, etc. [Barcelona] :
Nombre del editor, distribuidor, etc. Lumen,
Fecha de publicación, distribución, etc. [1971]
300 ## - DESCRIPCIÓN FÍSICA
Extensión 237 p. ;
Dimensiones 19 cm.
700 1# - ENTRADA AGREGADA--NOMBRE PERSONAL
Nombre de persona Bosch, Andrés,
Fechas asociadas al nombre 1926-1984
9 (RLIN) 160182
852 ## - LOCALIZACIÓN
Ubicación ES-MaACL
Número de control de estantería C-41595
Sublocalización o colección R.79851
Holdings
Estatus retirado Estado de pérdida Estado de daño No para préstamo Biblioteca de origen Biblioteca actual Ubicación en estantería Fecha de adquisición Fuente de adquisición Total de préstamos Signatura topográfica completa Código de barras Visto por última vez Precio de reemplazo Tipo de ítem Koha
        Biblioteca del Ateneo de Madrid Biblioteca del Ateneo de Madrid Depósito 2 17/01/2008     C-41595 1040587 23/02/2023 23/02/2023 Libro impreso